Countries Closest to Iran A-Z - Statistics

General Stats
  • This quiz has been taken 37 times
  • The average score is 21 of 24
Answer Stats
Letter Closest Country % Correct
A Afghanistan
100%
I Iraq
100%
T Turkey
100%
Q Qatar
96%
R Russia
96%
S Saudi Arabia
96%
Y Yemen
96%
J Jordan
93%
K Kuwait
93%
L Lebanon
93%
O Oman
93%
U United Arab Emirates
93%
B Bahrain
89%
P Pakistan
89%
Z Zambia
89%
G Georgia
82%
E Egypt
79%
F Finland
79%
H Hungary
79%
D Djibouti
75%
N Nepal
75%
C Cyprus
68%
V Vatican City
68%
M Montenegro
46%
No matching quizzes found
Score Distribution
Percent of People with Each Score
Percentile by Number Answered
Your Score History
You have not taken this quiz